000 00758nam a2200241 i 4500
001 bg
245 0 0 _aPodstawy geografii ekonomicznej :
_bpraca zbiorowa /
_cpod red. Jerzego Wrony.
250 _aWyd. 3 zm.
260 _aWarszawa :
_bPolskie Wydaw. Ekonomiczne,
_c2006.
300 _a463 s. :
_bil., mapy ;
_c24 cm.
504 _aBibliogr. - Indeks.
650 9 _aGeografia gospodarcza
655 _aPodręczniki akademickie
700 1 _aWRONA, Jerzy.
_eRed.
020 _a8320816009
040 _cBPK
041 0 _apol
080 _a911.3:33](075.8)
920 _a83-208-1600-9
942 _cKS
008 s pl f |000 0 pol
999 _c46837
_d46837
856 _uhttp://koha.tu.koszalin.pl/cgi-bin/koha/opac-detail.pl?biblionumber=46837
_yKatalog online BPK